000 00558nam a22002057a 4500
003 LK-CoMWRAF
005 20240120173626.0
008 240120b |||||||| |||| 00| 0 eng d
040 _aLK-CoMWRAF
_dLK-CoMWRAF
_eLK-CoMWRAF
041 _aeng
082 _a937
_bSTE
100 _aSteffensen, James L.
245 _a Ancient Rome
260 _aLondon:
_bWinchester,
_c[n.d.]
300 _a180-265 p. : ill., maps, charts ; 27 cm
490 _aUniversal history of the world
_vIII
650 _aHISTORY-Rome
700 _aShapiro, Irwin
_eed.
942 _cBK
999 _c4664
_d4664